000 00197 a2200097 4500
020 _a9781563344305
041 _aspa
100 _aNatalia Sanchez
245 _aLa Fiesta de Cumpleaǫs
942 _cBK
999 _c14982
_d14982